| 000 | 00815cgm a2200253 4500 | ||
|---|---|---|---|
| 001 | J1073 | ||
| 008 | 090401t1985 xxu||||| |||| 00| 0 eng d | ||
| 035 | _a(Sirsi) u41622 | ||
| 041 | _aeng | ||
| 110 | _aBuilding Research Establishment | ||
| 245 | _aRemedies for condensation and mould in traditional housing | ||
| 260 | _c1985 | ||
| 300 | _a1 videocassette (VHS) (53min.) : sd. | ||
| 350 | _a0 | ||
| 520 | _aWith reference to BRE research carried out on housing estates in England and Scotland, the programme examines the causes of these problems and the effectiveness of remedies. | ||
| 650 | _aCONDENSATION | ||
| 650 | _aHOUSING | ||
| 650 | _aMOULD | ||
| 650 | _aVIDEO CASSETTE | ||
| 690 | _aBUILT ENVIRONMENT-BUILDING PATHOLOGY | ||
| 690 | _aCONSERVATION | ||
| 942 | _n0 | ||
| 948 | _c04/03/1997 | ||
| 999 |
_c85241 _d85241 |
||